Statistics for African Map Quiz

Click here to take the quiz!

General Stats

  • This quiz has been taken 7 times
  • The average score is 53 of 54

Answers on the Map

Answers color-coded by a green-red scale on the quiz's map according to % correct below.
 

Answer Stats

Answer% Correct
Algeria
100%
Angola
100%
Botswana
100%
Burkina Faso
100%
Burundi
100%
Cameroon
100%
Cape Verde
100%
Central African
Republic
100%
Chad
100%
Comoros
100%
Congo (Dem. Rep.)
100%
Congo (Rep. of)
100%
Djibouti
100%
Egypt
100%
Equatorial Guinea
100%
Eritrea
100%
Eswatini
100%
Ethiopia
100%
Gabon
100%
Gambia
100%
Ghana
100%
Guinea
100%
Guinea-Bissau
100%
Ivory Coast
100%
Kenya
100%
Liberia
100%
Libya
100%
Madagascar
100%
Malawi
100%
Mali
100%
Mauritania
100%
Mauritius
100%
Morocco
100%
Mozambique
100%
Namibia
100%
Niger
100%
Nigeria
100%
Rwanda
100%
São Tomé and
Príncipe
100%
Senegal
100%
Seychelles
100%
Somalia
100%
South Africa
100%
South Sudan
100%
Sudan
100%
Tanzania
100%
Togo
100%
Tunisia
100%
Uganda
100%
Zimbabwe
100%
Lesotho
83%
Sierra Leone
83%
Zambia
83%
Benin
67%

Score Distribution

Percentile by Number Answered

Percent of People with Each Score

Your Score History

You have not taken this quiz